[Event "FRA-ch 31th blind"]
[Site "Sautron"]
[Date "2015.05.17"]
[Round "7"]
[White "Roman, Hugo"]
[Black "Bertrand, Catherine"]
[Result "1/2-1/2"]
[WhiteElo "1894"]
[BlackElo "1864"]
[PlyCount "26"]
[EventDate "2015.04.13"]
[EventType "swiss"]
[EventRounds "7"]
[EventCountry "FRA"]
[SourceTitle "EXT 2016"]
[Source "ChessBase"]
[SourceDate "2015.10.08"]
[SourceVersion "1"]
[SourceVersionDate "2015.10.08"]
[SourceQuality "1"]

1. e4 e5 2. Nf3 Nc6 3. Bb5 g6 4. 0-0 Bg7 5. d3 Nge7 6. Re1 h6 7. a4 0-0 8. Nc3 d6 9. Bc4 Kh7 10. Nd5 Be6 11. c3 f5 12. Nxe7 Qxe7 13. Bxe6 Qxe6 1/2-1/2

[Event "FRA-ch 31th blind"]
[Site "Sautron"]
[Date "2015.05.15"]
[Round "3"]
[White "Ababsa, Tufek"]
[Black "Roman, Hugo"]
[Result "1-0"]
[WhiteElo "1725"]
[BlackElo "1894"]
[PlyCount "76"]
[EventDate "2015.04.13"]
[EventType "swiss"]
[EventRounds "7"]
[EventCountry "FRA"]
[SourceTitle "EXT 2016"]
[Source "ChessBase"]
[SourceDate "2015.10.08"]
[SourceVersion "1"]
[SourceVersionDate "2015.10.08"]
[SourceQuality "1"]

1. e4 e6 2. d3 d5 3. Nd2 Nf6 4. Ngf3 c5 5. g3 Nc6 6. Bg2 Be7 7. 0-0 0-0 8. e5 Nd7 9. Re1 b5 10. Nf1 Qc7 11. Bf4 Bb7 12. h4 Rfe8 13. N1h2 a5 14. g4 d4 15. g5 Bf8 16. Ng4 a4 17. Nd2 a3 18. b3 Nb4 19. Ne4 Nd5 20. Bg3 Nc3 21. Nxc3 dxc3 22. h5 Red8 23. Bh4 Be7 24. Bxb7 Qxb7 25. Re4 Rf8 26. Qe1 b4 27. h6 g6 28. Nf6+ Kh8 29. Nxd7 Qxd7 30. Qe3 Ra7 31. Re1 Qd8 32. f4 Rd7 33. Bf2 Rd4 34. Rxd4 cxd4 35. Qxd4 Bxg5 36. fxg5 Qxg5+ 37. Kf1 Qd2 38. Qxb4 Qxc2 1-0